000 00649nam a22002657a 4500
001 BR9510034
003 BR-BrBNA
005 20230928094811.0
007 ta
008 230509b bl.||||| |||| 00| 0 por d
040 _aBR-BrBNA
_bpor
_cBiblioteca Nacional de Agricultura
041 _a(Por)
072 _aF01
_b0960
090 _ 0960 BR9510034
100 1 _aMachado, J. da C.
245 1 _aA cultura do morango
260 3 _aPouso Alegre, MG (Brasil):
_c1972.
300 _a26 p.
500 _a6 ref.
650 _aMorango
650 _aPlantio
650 _aPratica Cultural
909 _a202309
_bLucia
_c55
_dLucia Elande
942 _cBK
999 _c52714
_d52714